000 00794nam a22002177a 4500
999 _c158943
_d158943
005 20181122123658.0
010 _aB-226814
020 _a8188322865
_c300.00
035 _aB-226814
037 _aDBAD Books
_bOcean Books PVT LIM
082 _a158.1
_b1
100 _aRajan Y.S
245 _aA To Z Of Success:A Companion For Youth/
_bA Companion For Youth/
_cRajan Y.S
_hEnglish
246 _aA To Z ऑफ़ सक्सेस :अ कम्पैनियन फॉर यूथ
_bअ कम्पैनियन फॉर यूथ
250 _a2006
260 _aNew Delhi
_bOcean Books PVT LImited
_c2006
270 _a4/19,Asaf Ali Road New Delhi,110002
300 _a300p;
_c21 C.M HB
700 _aRajan Y.S
942 _2ddc
_cEN
_e2006
_h158.1
_kRaj
_mRajan Y.S